| 000 | 01632nam0a2200301 i 4500 | ||
|---|---|---|---|
| 001 | RU\NLR\BIBL_A\011279837 | ||
| 005 | 20240921182927.0 | ||
| 010 |
_a9785864657034 _960 |
||
| 021 |
_aRU _b2016-87276 _95730 |
||
| 035 | _a(NLR Aleph) 011279837 | ||
| 090 |
_a10867540 _c10867539 |
||
| 100 | _a20161129d2016 u y0rusy50 ca | ||
| 101 | 0 | _arus | |
| 102 | _aRU | ||
| 105 | _aac z 001yy | ||
| 200 | 1 |
_aТеория трансформационных процессов в экономике _eучебное пособие _fВ. С. Гродский _gМ-во образования и науки Рос. Федерации, Федер. гос. автоном. образоват. учреждение высш. образования "Самар. нац. исслед. ун-т им. акад. С. П. Королева", Каф. упр. человеч. ресурсами |
|
| 210 |
_aСамара _cСамарский университет _d2016 |
||
| 215 |
_a119 с. _cил., портр. _d20 |
||
| 300 | _aНа 4-й с. обл. авт.: Гродский В. С., д. э. н.. проф. | ||
| 320 | _aБиблиогр.: с. 117-119 (46 назв.) | ||
| 320 | _aДр. работы авт. на 4-й с. обл. | ||
| 606 | 1 |
_aЭкономические системы _jУчебные издания для высших учебных заведений _xТрансформация _92129702 _3RU\NLR\AUTH\661285001 |
|
| 686 | 1 | _aУ010.5я73 | |
| 700 | 1 |
_aГродский _bВ. С. _f1947- _gВладимир Сергеевич |
|
| 942 | _cBOOK | ||
| 980 | _aNBR | ||